000 00763nam a2200253Ia 4500
003 OSt
005 20220918171129.0
006 a|||||r|||| 00| 0
007 ta
008 220917b |||||||| |||| 00| 0 eng d
020 _a9781316649022 (pbk)
_cUKP 25.99
024 _a348,936
037 _b3990, 15/03/2019, Govinda Book House
_cTextual
040 _aARTS
_cARTS
_beng
041 _2eng
_aeng
082 _aS, Q8
100 _aSternberg Robert J. Ed.
_923083
245 0 _aNature of human creativity
260 _aCambridge
_bCambridge University Press
_c2018
300 _axxiii,391p.
_ccm.
650 _aPSYCHOLOGY
942 _hS, Q8
_cTEXL
_2CC
999 _c138011
_d138011